| 000 | 00520nam a22001697a 4500 | ||
|---|---|---|---|
| 003 | OSt | ||
| 005 | 20251129104355.0 | ||
| 008 | 251127b |||||||| |||| 00| 0 eng d | ||
| 040 |
_aDWCL-Main lib _cOC |
||
| 082 |
_21998 ed. _aFil. 657.45 C117a 1998 |
||
| 100 | _aMA. Elenita B. Cabrera | ||
| 245 |
_aApplied auditng 1998 ed./ _cMA. Elenita B. Cabrera |
||
| 260 |
_aManila : _bGIC Enterprises & Co., Inc., _cc1998. |
||
| 300 |
_aviii, 420 p. : _bill. _c23 cm. |
||
| 650 | _aAuditing. | ||
| 942 |
_2ddc _cBK-FIL _e1998 ed. _kFil. _n0 |
||
| 999 |
_c6449 _d6449 |
||